Win-Win Selling (Record no. 2185)

MARC details
000 -LEADER
fixed length control field 00383nam a22001697a 4500
005 - DATE AND TIME OF LATEST TRANSACTION
control field 20160530145118.0
008 - FIXED-LENGTH DATA ELEMENTS--GENERAL INFORMATION
fixed length control field 160530b xxu||||| |||| 00| 0 eng d
020 ## - INTERNATIONAL STANDARD BOOK NUMBER
ISBN 90-772560-1-6
041 ## - LANGUAGE CODE
Language code of text/sound track or separate title eng
082 ## - DEWEY DECIMAL CLASSIFICATION NUMBER
Item number 6133
100 ## - MAIN ENTRY--AUTHOR NAME
Personal name Willson, Larry
245 ## - TITLE STATEMENT
Title Win-Win Selling
260 ## - PUBLICATION, DISTRIBUTION, ETC. (IMPRINT)
Name of publisher Wilson Larry Library
300 ## - PHYSICAL DESCRIPTION
Number of Pages 157
650 ## - SUBJECT ADDED ENTRY--TOPICAL TERM
Topical Term Management
942 ## - ADDED ENTRY ELEMENTS (KOHA)
Koha item type Books
Holdings
Lost status Damaged status Collection code Home library Current library Shelving location Date acquired Cost, normal purchase price Full call number Accession Number Koha item type
    LIFE SKILL JRU Library JRU Library SHELF-102-H 30/05/2016 671.00 658.85 6133 Books
    LIFE SKILL JRU Library JRU Library SHELF-102-H 30/05/2016 671.00 658.85 6134 Books
    LIFE SKILL JRU Library JRU Library SHELF-102-H 30/05/2016 671.00 658.85 6135 Books
      JRU Library   SHELF-32-B 30/05/2016 671.00 6133 6136 Books